QCM - Paroles de "Hakuna Matata" - Statistiques

Statistiques générales
  • Ce quiz a été pris 431 fois
  • Le résultat moyen est 9 sur 10
Statistiques - réponses
Question Réponse % Correct
Hakuna Matata, quel ... chant fantastique
100%
à chaque fois que je... Non Pumbaa, pas devant les enfants !
100%
Ces mots signifient que tu vivras ta vie sans aucun souci, ... philosophie
100%
soulevait les coeurs. - Mais il y a dans tout cochon, ... un poète qui sommeille
100%
- Bel organe. - Merci. - Un jour quelle horreur, il comprit que... son odeur
94%
inonde mon âme (oh ça pue le drame), je déclenche... une tempête
94%
Hakuna Matata, mais quelle phrase ... magnifique
88%
Hakuna Matata ! - Ce très jeune phacochère... - J'étais jeune et ... phacochère
82%
au lieu ... de sentir la fleur
76%
Quel martyr, quand personne peut plus vous sentir ! Disgrâce infame (...) parfum d'infâme
65%
Aucun quiz correspondant
Distribution des résultats
% des personnes avec chaque résultat
Percentile par nombre de réponses
Votre historique - résultats
Vous n’avez pas pris ce quiz